| 000 | 00380nam a22001337a 4500 | ||
|---|---|---|---|
| 999 |
_c19014 _d19014 |
||
| 008 | 210707b xxu||||| |||| 00| 0 eng d | ||
| 020 | _a1512706567 | ||
| 050 |
_aHF5388 _b.C67 2015 c.1 |
||
| 100 | _aCorum, Rick | ||
| 245 |
_aPrinciples of Management _ba christian perspective _cRick Corum |
||
| 260 |
_aBloomington _bWestBow Press _c2015 |
||
| 300 | _aix, 295p. | ||
| 942 |
_2lcc _cBK |
||